All 1M L Cities on a Map - Statistics

General Stats
  • This quiz has been taken 252 times
  • The average score is 17 of 26
Answers on the Map
Answers color-coded by a green-red scale on the quiz's map according to % correct below.
 
Answer Stats
City % Correct
Los Angeles
98%
London
97%
Las Vegas
96%
Lima
96%
Lisbon
96%
La Paz
93%
Lyon
93%
Luanda
90%
Lagos
89%
Liverpool
88%
Leeds
86%
Lāhore
85%
Lusaka
80%
Lilongwe
76%
Lille
73%
Louisville
73%
Lomé
71%
Lucknow
54%
Lubumbashi
53%
León
44%
Lanzhou
32%
Ludhiāna
20%
Luoyang
20%
Liuzhou
16%
Linyi
14%
Lianyungang
7%
No matching quizzes found
Score Distribution
Percent of People with Each Score
Percentile by Number Answered
Your Score History
You have not taken this quiz